|
|
|
|
| LEADER |
02848nam a2200517 4500 |
| 001 |
978-3-319-96857-5 |
| 003 |
DE-He213 |
| 005 |
20200207053043.0 |
| 007 |
cr nn 008mamaa |
| 008 |
180925s2019 gw | s |||| 0|eng d |
| 020 |
|
|
|a 9783319968575
|9 978-3-319-96857-5
|
| 024 |
7 |
|
|a 10.1007/978-3-319-96857-5
|2 doi
|
| 040 |
|
|
|d GrThAP
|
| 050 |
|
4 |
|a JZ2-6530
|
| 072 |
|
7 |
|a JPS
|2 bicssc
|
| 072 |
|
7 |
|a POL011000
|2 bisacsh
|
| 072 |
|
7 |
|a JPS
|2 thema
|
| 082 |
0 |
4 |
|a 327
|2 23
|
| 100 |
1 |
|
|a Doboš, Bohumil.
|e author.
|0 (orcid)0000-0001-8862-2768
|1 https://orcid.org/0000-0001-8862-2768
|4 aut
|4 http://id.loc.gov/vocabulary/relators/aut
|
| 245 |
1 |
0 |
|a Geopolitics of the Outer Space
|h [electronic resource] :
|b A European Perspective /
|c by Bohumil Doboš.
|
| 250 |
|
|
|a 1st ed. 2019.
|
| 264 |
|
1 |
|a Cham :
|b Springer International Publishing :
|b Imprint: Springer,
|c 2019.
|
| 300 |
|
|
|a IX, 138 p.
|b online resource.
|
| 336 |
|
|
|a text
|b txt
|2 rdacontent
|
| 337 |
|
|
|a computer
|b c
|2 rdamedia
|
| 338 |
|
|
|a online resource
|b cr
|2 rdacarrier
|
| 347 |
|
|
|a text file
|b PDF
|2 rda
|
| 490 |
1 |
|
|a Contributions to Political Science,
|x 2198-7289
|
| 505 |
0 |
|
|a Introduction -- Outer Space as a Physical Space -- Outer Space as a Military-Diplomatic Field -- Outer Space as a Socio-Economic Field -- The History of the European Space Program -- European Astropolitics -- Conclusion.-.
|
| 520 |
|
|
|a This book presents a comprehensive geopolitical analysis of European space activities. By studying outer space as a physical and socio-economic space as well as a military-diplomatic area, the author helps readers understand outer space as a geopolitical environment. The book also offers insights into the behavior and strategies of different actors, with a special focus on the European space strategy and the nature of the European space program and diplomacy.
|
| 650 |
|
0 |
|a International relations.
|
| 650 |
|
0 |
|a Law of the sea.
|
| 650 |
|
0 |
|a International law.
|
| 650 |
|
0 |
|a Space sciences.
|
| 650 |
1 |
4 |
|a International Relations.
|0 http://scigraph.springernature.com/things/product-market-codes/912000
|
| 650 |
2 |
4 |
|a Law of the Sea, Air and Outer Space.
|0 http://scigraph.springernature.com/things/product-market-codes/R19060
|
| 650 |
2 |
4 |
|a Space Sciences (including Extraterrestrial Physics, Space Exploration and Astronautics).
|0 http://scigraph.springernature.com/things/product-market-codes/P22030
|
| 710 |
2 |
|
|a SpringerLink (Online service)
|
| 773 |
0 |
|
|t Springer eBooks
|
| 776 |
0 |
8 |
|i Printed edition:
|z 9783319968568
|
| 776 |
0 |
8 |
|i Printed edition:
|z 9783319968582
|
| 776 |
0 |
8 |
|i Printed edition:
|z 9783030072643
|
| 830 |
|
0 |
|a Contributions to Political Science,
|x 2198-7289
|
| 856 |
4 |
0 |
|u https://doi.org/10.1007/978-3-319-96857-5
|z Full Text via HEAL-Link
|
| 912 |
|
|
|a ZDB-2-POS
|
| 950 |
|
|
|a Political Science and International Studies (Springer-41174)
|